| 000 | 01336nam a2200349 i 4500 | ||
|---|---|---|---|
| 003 | CO-BoRNBP | ||
| 005 | 20250213160044.0 | ||
| 007 | ta | ||
| 008 | 250213s2023 ck a|||| |||| 00| 0 spa d | ||
| 020 | _a9789588846873 | ||
| 040 |
_aCO-BoRNBP _bspa _cCO-BoRNBP _erda |
||
| 041 |
_aspa _heng |
||
| 043 | _as-ck--- | ||
| 084 | _aC BEC10 | ||
| 100 | 1 |
_aBecker, Helaine _d1961- _eautora _958355 |
|
| 245 | 1 | 0 |
_aCuenta con Katherine/ _cHelaine Becker; ilustraciones, Dow Phumiruk |
| 250 | _aEdición especial | ||
| 264 | 1 |
_aBogotá, Colombia _bAlianza Distribuidora de Colombia, _c2023 |
|
| 300 |
_a40 páginas sin numerar, _bilustraciones a color, _c28 cm |
||
| 336 |
_2rdacontent _atexto _btxt |
||
| 337 |
_2rdamedia _asin mediación _bn |
||
| 338 |
_2rdacarrier _avolumen _bnc |
||
| 490 |
_aPlan Nacional de Lectura, Escritura y Oralidad _pMinisterio de Cultura |
||
| 521 | _aRecomendado para un público infantil a partir de los 6 años | ||
| 534 | _tCounting on Katherine | ||
| 600 | 1 | 4 |
_aJohnson, Creola Katherine _d1918 – 2020 _xBiografías _958356 |
| 650 | 1 | 7 |
_2ARMARC _aCuentos infantiles estadounidenses _vsiglo XXI _958357 |
| 650 | 1 | 7 |
_2ARMARC _aLiteratura infantil estadounidense _vSiglo XXI _958358 |
| 650 | 1 | 7 |
_2ARMARC _aLibros ilustrados para niños _92001 |
| 700 | 1 |
_aPhumiruk, Dow, _eilustrador _958359 |
|
| 942 |
_2ddc _cBKINF |
||
| 999 |
_c56902 _d56902 |
||